Statistics for Machines that move

Click here to take the quiz!

General Stats

  • This quiz has been taken 5 times
  • The average score is 5 of 9

Answer Stats

HintAnswer% Correct
The Orient Express ran between Paris and ______?Constantinople
100%
Liverpool airport is named in honour of this personJohn Lennon
100%
The largest production civilian passenger aeroplaneAirbus A380
75%
Westerners would usually call the Shinkansen 'The ___ ____'Bullet Train
75%
Nissan's all-electric carLeaf
50%
Charles Peugeot was names sales director of this car company in 2010Renault
50%
This British aircraft shot down approximatley 60% of German aircraft in the Battle of BritainHawker Hurricane
25%
The name of the Australian airline Qantas is an acronym forQueensland and Northern Territory Aerial Service
25%
An urban legend says this man flies on 'Shepard One'The Pope
25%

Score Distribution

Percentile by Number Answered

Percent of People with Each Score

Your Score History

You have not taken this quiz